000 00320nam a22001217a 4500
008 250619b |||||||| |||| 00| 0 eng d
020 _a9788126547258
050 _aSF 250.0
_b.D53
245 _aDiary Science and Technology Product manufacturing
260 _aNew Delhi
_bWiley-VCH
_c2014
300 _a435p
942 _cBK
999 _c3902
_d3902